[Event "FRA T II 20102011"]
[Site "FRA"]
[Date "2010.11.14"]
[Round "3.6"]
[White "Demagnee, Arnaud"]
[Black "Denous, Cyprien"]
[Result "0-1"]
[WhiteElo "2125"]
[BlackElo "1998"]
[PlyCount "96"]
[EventDate "2010.11.13"]
[EventType "team-match"]
[EventRounds "9"]
[EventCountry "FRA"]
[Source "FFE"]
[SourceDate "2010.10.29"]
[BlackTeamCountry "FRA"]

1. e4 Nf6 2. e5 Nd5 3. d4 d6 4. f4 Nb6 5. Be3 g6 6. c3 Bg7 7. Nd2 O-O 8. Ne4
Nd5 9. Qd2 c5 10. Bc4 Nxe3 11. Qxe3 d5 12. Nxc5 dxc4 13. Nf3 Nd7 14. Ne4 Nb6
15. h4 Nd5 16. Qd2 Bh6 17. g3 Bg4 18. Nh2 Bf5 19. Ng5 f6 20. Ngf3 Qb6 21. h5
Qe6 22. hxg6 hxg6 23. O-O-O a5 24. Rde1 Qd7 25. Nf1 Bg7 26. g4 Bxg4 27. Qh2 Kf7
28. Qg3 Rh8 29. Nh4 Bh6 30. e6+ Bxe6 31. Qxg6+ Kf8 32. Nd2 Nxf4 33. Qg3 Rg8 34.
Qh2 Nd3+ 35. Kb1 Nxe1 36. Rxe1 Bf5+ 37. Ka1 Bd3 38. Ndf3 Ra6 39. d5 Qxd5 40.
Nd4 Bg5 41. Nhf3 e5 42. Nxg5 Rxg5 43. Qh6+ Kf7 44. Qh8 Rg8 45. Qh5+ Bg6 46. Qe2
Rd6 47. a4 Rd7 48. Nb5 Rgd8 0-1

[Event "FRA T II 20102011"]
[Site "FRA"]
[Date "2010.11.14"]
[Round "3.7"]
[White "Tilquin, Jean Pierre"]
[Black "Bernard, Serge"]
[Result "0-1"]
[WhiteElo "1993"]
[BlackElo "2060"]
[PlyCount "50"]
[EventDate "2010.11.13"]
[EventType "team-match"]
[EventRounds "9"]
[EventCountry "FRA"]
[Source "FFE"]
[SourceDate "2010.10.29"]
[BlackTeamCountry "FRA"]

1. d4 g6 2. c4 Bg7 3. Nc3 c5 4. d5 d6 5. e4 Nf6 6. Bd3 O-O 7. Nge2 e6 8. O-O
exd5 9. cxd5 a6 10. a4 Nbd7 11. Ng3 Rb8 12. h3 Qc7 13. Be3 c4 14. Bc2 b5 15.
axb5 axb5 16. Ra7 Qd8 17. b4 cxb3 18. Bd3 Nc5 19. Bxb5 Nfxe4 20. Ncxe4 Rxb5 21.
Bd4 b2 22. Bxg7 b1=Q 23. Qd4 Qb2 24. Nf6+ Kxg7 25. Ng4+ Qxd4 0-1

[Event "FRA T II 20102011"]
[Site "FRA"]
[Date "2010.11.14"]
[Round "3.8"]
[White "Rachez, Pascale"]
[Black "Tagnon, Nicole"]
[Result "1-0"]
[WhiteElo "1902"]
[BlackElo "1969"]
[PlyCount "47"]
[EventDate "2010.11.13"]
[EventType "team-match"]
[EventRounds "9"]
[EventCountry "FRA"]
[Source "FFE"]
[SourceDate "2010.10.29"]
[BlackTeamCountry "FRA"]

1. e4 c5 2. Nf3 e6 3. d4 cxd4 4. Nxd4 a6 5. Nc3 b5 6. Be3 Bb7 7. f3 Nf6 8. Qd2
Qc7 9. O-O-O b4 10. Na4 Qa5 11. b3 Nc6 12. Nxc6 Bxc6 13. Bb6 Qe5 14. Bd4 Qc7
15. Nb6 Rb8 16. Nc4 d6 17. Bxf6 gxf6 18. Nxd6+ Bxd6 19. Qxd6 Qxd6 20. Rxd6 Rb6
21. Bc4 Ke7 22. Rhd1 Rg8 23. Bf1 Rc8 24. Kb2 {suite illisible} 1-0

[Event "FRA T II 20102011"]
[Site "FRA"]
[Date "2010.11.14"]
[Round "2.1"]
[White "Pap, Misa"]
[Black "David, Vincent"]
[Result "1/2-1/2"]
[WhiteElo "2502"]
[BlackElo "2424"]
[PlyCount "88"]
[EventDate "2010.11.13"]
[EventType "team-match"]
[EventRounds "9"]
[EventCountry "FRA"]
[Source "FFE"]
[SourceDate "2010.10.29"]
[BlackTeamCountry "FRA"]

1. e4 e6 2. d4 d5 3. Nd2 dxe4 4. Nxe4 Nd7 5. Nf3 Ngf6 6. Bd3 c5 7. O-O cxd4 8.
Nxd4 Be7 9. Re1 O-O 10. c3 a6 11. Qf3 Re8 12. Bg5 Nxe4 13. Qxe4 Nf8 14. Bxe7
Rxe7 15. Rad1 Qc7 16. Nf5 Rd7 17. Ne3 Rd8 18. Qc4 Qb6 19. Be4 Bd7 20. Qb3 Qc5
21. Qxb7 Rab8 22. Qxa6 Rxb2 23. Qc4 Qa5 24. Qd4 Rxa2 25. Nc4 Qc7 26. Ne3 Rc8
27. c4 Be8 28. Ra1 Qa5 29. Rec1 Nd7 30. Rxa2 Qxa2 31. Ra1 Qb3 32. h4 Nc5 33.
Rb1 Qa3 34. Ra1 Qb4 35. Rb1 Qa5 36. Ra1 Qc7 37. Rd1 Qe7 38. Bf3 Ba4 39. Re1 Rd8
40. Qg4 h6 41. Nd5 Qd6 42. Nf6+ Kh8 43. Ne4 Qe5 44. Qg3 Qd4 {suite illisible}
1/2-1/2

[Event "FRA T II 20102011"]
[Site "FRA"]
[Date "2010.11.14"]
[Round "2.2"]
[White "Herdier, Goulwenn"]
[Black "Dragojlovic, Andjelko"]
[Result "1-0"]
[WhiteElo "2139"]
[BlackElo "2395"]
[PlyCount "81"]
[EventDate "2010.11.13"]
[EventType "team-match"]
[EventRounds "9"]
[EventCountry "FRA"]
[Source "FFE"]
[SourceDate "2010.10.29"]
[BlackTeamCountry "FRA"]

1. e4 c5 2. Nf3 g6 3. d4 cxd4 4. Nxd4 Bg7 5. c4 Qb6 6. Nb5 a6 7. Be3 Qa5+ 8.
N5c3 d6 9. Qd2 Nf6 10. f3 Be6 11. Be2 O-O 12. O-O Rc8 13. Nd5 Qxd2 14. Nxd2
Bxd5 15. cxd5 Nbd7 16. Rac1 a5 17. Bb5 h5 18. Nc4 Kh7 19. Nb6 Nxb6 20. Bxb6 h4
21. Rfe1 Nh5 22. Bd7 Rxc1 23. Rxc1 Bxb2 24. Rc7 a4 25. Rxb7 a3 26. Bc6 Bf6 27.
Kf1 Rc8 28. Be3 Kg7 29. Bc1 Be5 30. Bxa3 Bxh2 31. Bc1 Kf6 32. a4 Bf4 33. Bb2+
Be5 34. Bxe5+ dxe5 35. Rb6 Kg5 36. a5 f5 37. exf5 Ng3+ 38. Kf2 Nxf5 39. a6 Nd4
40. a7 Nxc6 41. dxc6 1-0

[Event "FRA T II 20102011"]
[Site "FRA"]
[Date "2010.11.14"]
[Round "2.3"]
[White "Saucey, Michel"]
[Black "Valette, Christian"]
[Result "0-1"]
[WhiteElo "2322"]
[BlackElo "2105"]
[PlyCount "44"]
[EventDate "2010.11.13"]
[EventType "team-match"]
[EventRounds "9"]
[EventCountry "FRA"]
[Source "FFE"]
[SourceDate "2010.10.29"]
[BlackTeamCountry "FRA"]

1. d4 d5 2. c4 e6 3. Nf3 c5 4. cxd5 exd5 5. g3 Nc6 6. Bg2 Nf6 7. O-O Be7 8. Nc3
c4 9. b3 Bb4 10. Bd2 O-O 11. a3 Bxc3 12. Bxc3 b5 13. Ne5 Bd7 14. Qc2 Rc8 15. e3
Re8 16. bxc4 bxc4 17. h3 Ne7 18. g4 Ng6 19. Nxg6 hxg6 20. Rfb1 Qc7 21. Rb4 Ne4
22. Rab1 Bc6 {suite illisible} 0-1

[Event "FRA T II 20102011"]
[Site "FRA"]
[Date "2010.11.14"]
[Round "2.5"]
[White "Careil, Jerome"]
[Black "Salvaing, Jean Louis"]
[Result "0-1"]
[WhiteElo "2086"]
[BlackElo "2020"]
[PlyCount "50"]
[EventDate "2010.11.13"]
[EventType "team-match"]
[EventRounds "9"]
[EventCountry "FRA"]
[Source "FFE"]
[SourceDate "2010.10.29"]
[BlackTeamCountry "FRA"]

1. g3 g6 2. Bg2 Bg7 3. c4 Nf6 4. Nf3 O-O 5. O-O d6 6. Nc3 e5 7. d3 c6 8. Rb1 h6
9. b4 Be6 10. b5 Qc7 11. bxc6 bxc6 12. Nd2 Nbd7 13. Qa4 d5 14. Ba3 Rfb8 15.
cxd5 cxd5 16. Nb5 Qd8 17. Rfc1 Rb7 18. Nb3 a6 19. Nc3 Bf8 20. Bxf8 Qxf8 21. Na5
Rxb1 22. Rxb1 Qc5 23. Qc6 Rc8 24. Qxa6 Qxc3 25. Nc4 Nc5 0-1

[Event "FRA T II 20102011"]
[Site "FRA"]
[Date "2010.11.14"]
[Round "2.7"]
[White "Ljubotina, Lazo"]
[Black "Thorel, Gregoire"]
[Result "1-0"]
[WhiteElo "1950"]
[BlackElo "1849"]
[PlyCount "53"]
[EventDate "2010.11.13"]
[EventType "team-match"]
[EventRounds "9"]
[EventCountry "FRA"]
[Source "FFE"]
[SourceDate "2010.10.29"]
[BlackTeamCountry "FRA"]

1. e4 e5 2. f4 Bc5 3. Nf3 d6 4. d4 exd4 5. Nxd4 Nf6 6. Nc3 Bg4 7. Qd3 d5 8. e5
Ne4 9. Nxe4 dxe4 10. Qb5+ Nc6 11. Qxc5 Qxd4 12. Be3 Qb4+ 13. Qxb4 Nxb4 14. Bb5+
c6 15. Ba4 Nd5 16. Kf2 f5 17. a3 g5 18. fxg5 f4 19. Bc5 e3+ 20. Ke1 Rg8 21. h4
O-O-O 22. Bxa7 Rge8 23. Bd4 c5 24. Bxe8 cxd4 25. Bb5 f3 26. gxf3 Bxf3 27. Rg1
1-0

[Event "FRA T II 20102011"]
[Site "FRA"]
[Date "2010.11.14"]
[Round "2.8"]
[White "Jolly, Marie"]
[Black "Gennesseaux, Gabrielle"]
[Result "0-1"]
[WhiteElo "1697"]
[BlackElo "1556"]
[PlyCount "52"]
[EventDate "2010.11.13"]
[EventType "team-match"]
[EventRounds "9"]
[EventCountry "FRA"]
[Source "FFE"]
[SourceDate "2010.10.29"]
[BlackTeamCountry "FRA"]

1. d4 d5 2. c4 e6 3. Nc3 c5 4. Nf3 Nc6 5. cxd5 exd5 6. dxc5 d4 7. Ne4 Bf5 8.
Ng3 Bg6 9. a3 Bxc5 10. b4 Bb6 11. Bb2 Nf6 12. Rc1 O-O 13. Rc4 Qd5 14. e4 Nxe4
15. Nxe4 Rfe8 16. Be2 Bxe4 17. O-O Bxf3 18. gxf3 Ne5 19. Rc1 Rad8 20. f4 Ng6
21. Bf3 Qf5 22. Bxb7 Nxf4 23. Bf3 d3 24. Kh1 Ne2 25. Bc6 Re6 26. Rc4 Rxc6 0-1

[Event "FRA T II 20102011"]
[Site "FRA"]
[Date "2010.11.14"]
[Round "2.1"]
[White "Bleunven, Andre"]
[Black "Bouget, Alexandre"]
[Result "1-0"]
[WhiteElo "2230"]
[BlackElo "2172"]
[PlyCount "77"]
[EventDate "2010.11.13"]
[EventType "team-match"]
[EventRounds "9"]
[EventCountry "FRA"]
[Source "FFE"]
[SourceDate "2010.10.29"]
[BlackTeamCountry "FRA"]

1. c4 Nf6 2. g3 g6 3. Bg2 Bg7 4. Nc3 O-O 5. d4 d6 6. Nf3 c6 7. O-O Be6 8. Qd3
Qc8 9. Re1 Na6 10. a3 Rb8 11. Ng5 Bd7 12. b4 b5 13. cxb5 cxb5 14. Bb2 h6 15.
Nf3 Qc4 16. Qd1 Nd5 17. Nxd5 Qxd5 18. Ne5 Qe6 19. d5 Qf5 20. e4 Qf6 21. Nxd7
Qxb2 22. e5 Bxe5 23. Rb1 Qa2 24. Re2 Qxa3 25. Nxe5 dxe5 26. Ra1 Qxb4 27. Rxa6
Qc5 28. Qa1 f6 29. Rxa7 b4 30. Re1 b3 31. Ra5 Qb6 32. Qb1 Qxa5 33. Qxg6+ Kh8
34. Qxh6+ Kg8 35. Qg6+ Kh8 36. Qh5+ Kg7 37. Qg4+ Kf7 38. Rxe5 b2 39. Qh5+ 1-0

[Event "FRA T II 20102011"]
[Site "FRA"]
[Date "2010.11.14"]
[Round "2.2"]
[White "Bodenez, Vincent"]
[Black "Bodenez, Claire"]
[Result "1-0"]
[WhiteElo "2154"]
[BlackElo "2037"]
[PlyCount "81"]
[EventDate "2010.11.13"]
[EventType "team-match"]
[EventRounds "9"]
[EventCountry "FRA"]
[Source "FFE"]
[SourceDate "2010.10.29"]
[BlackTeamCountry "FRA"]

1. d4 d5 2. c4 dxc4 3. Nf3 Nf6 4. Nc3 e6 5. Bg5 Be7 6. e3 a6 7. Bxc4 b5 8. Bd3
Nbd7 9. O-O Bb7 10. Rc1 c5 11. Bb1 c4 12. a3 h6 13. Bxf6 Nxf6 14. e4 O-O 15.
Qc2 g6 16. Rcd1 Nd7 17. e5 Nb6 18. Ne4 Rc8 19. h3 a5 20. Nh2 Nd5 21. Qd2 Kg7
22. Ng4 Rh8 23. Ne3 b4 24. axb4 axb4 25. Rc1 Nxe3 26. fxe3 Bxe4 27. Bxe4 Qb6
28. Rf3 Rhf8 29. Qf2 Qa7 30. Rf1 Bd8 31. Qg3 g5 32. Qg4 Rc7 33. Bb1 c3 34. bxc3
bxc3 35. Bc2 Rh8 36. Qh5 Qb7 37. R1f2 Rd7 38. d5 Re8 39. Rf6 Rh8 40. dxe6 Bxf6
41. exf6+ 1-0

[Event "FRA T II 20102011"]
[Site "FRA"]
[Date "2010.11.14"]
[Round "2.3"]
[White "Bollore, Jacques"]
[Black "Peyre, Thomas"]
[Result "1-0"]
[WhiteElo "2126"]
[BlackElo "2092"]
[PlyCount "47"]
[EventDate "2010.11.13"]
[EventType "team-match"]
[EventRounds "9"]
[EventCountry "FRA"]
[Source "FFE"]
[SourceDate "2010.10.29"]
[BlackTeamCountry "FRA"]

1. e4 c5 2. c3 Nf6 3. e5 Nd5 4. d4 cxd4 5. Bc4 Nb6 6. Bb3 Nc6 7. cxd4 d5 8. Nc3
Bf5 9. Nge2 e6 10. h3 Be7 11. O-O O-O 12. g4 Bg6 13. Nf4 Qd7 14. Nxg6 fxg6 15.
g5 Bd8 16. Be3 Nc8 17. Na4 b6 18. Rc1 N8e7 19. Qg4 Nf5 20. Nc3 a6 21. Ne2 b5
22. Rfd1 Bb6 23. Bc2 Nce7 24. h4 {suite illisible} 1-0

[Event "FRA T II 20102011"]
[Site "FRA"]
[Date "2010.11.14"]
[Round "2.5"]
[White "Le Du, Michel"]
[Black "Cartier, Nicolas"]
[Result "0-1"]
[WhiteElo "1945"]
[BlackElo "2081"]
[PlyCount "64"]
[EventDate "2010.11.13"]
[EventType "team-match"]
[EventRounds "9"]
[EventCountry "FRA"]
[Source "FFE"]
[SourceDate "2010.10.29"]
[BlackTeamCountry "FRA"]

1. e4 c5 2. Nc3 e6 3. g3 Nc6 4. Bg2 g6 5. d3 Bg7 6. Be3 d6 7. Qd2 a6 8. f4 Nge7
9. Nf3 O-O 10. O-O b5 11. Nh4 f5 12. exf5 gxf5 13. Nf3 b4 14. Nd1 Nd5 15. Bf2
Bd7 16. Re1 Rc8 17. c4 bxc3 18. bxc3 Qf6 19. Rc1 Nde7 20. d4 cxd4 21. Nxd4 e5
22. fxe5 dxe5 23. Nf3 Be6 24. Qe2 Bf7 25. Rb1 e4 26. Nd4 Ne5 27. Be3 Ng4 28.
Rf1 Bc4 29. Rxf5 Bxe2 30. Rxf6 Bxd1 31. Rxf8+ Bxf8 32. Bg5 Ba4 0-1

[Event "FRA T II 20102011"]
[Site "FRA"]
[Date "2010.11.14"]
[Round "2.6"]
[White "Luco, Alain"]
[Black "Cadiou, Jacques"]
[Result "1-0"]
[WhiteElo "2089"]
[BlackElo "2003"]
[PlyCount "63"]
[EventDate "2010.11.13"]
[EventType "team-match"]
[EventRounds "9"]
[EventCountry "FRA"]
[Source "FFE"]
[SourceDate "2010.10.29"]
[BlackTeamCountry "FRA"]

1. e4 c5 2. c3 d5 3. exd5 Qxd5 4. d4 Nf6 5. Nf3 e6 6. Na3 Qd8 7. Nc2 cxd4 8.
Ncxd4 Be7 9. Bd3 O-O 10. O-O b6 11. Re1 Bb7 12. Qe2 Nc6 13. Nxc6 Bxc6 14. Bg5
h6 15. Bd2 Bd6 16. Rad1 Qc7 17. h3 Rad8 18. Bb1 Ba8 19. c4 Qe7 20. Ne5 Bb4 21.
Bxb4 Qxb4 22. a3 Qe7 23. Rxd8 Rxd8 24. Qc2 Rd4 25. Ng4 Ne4 26. f3 f5 27. fxe4
fxg4 28. e5 Qg5 29. Qh7+ Kf7 30. h4 Rd1 31. hxg5 Rxe1+ 32. Kf2 1-0

[Event "FRA T II 20102011"]
[Site "FRA"]
[Date "2010.11.14"]
[Round "2.8"]
[White "Josse, Mathilde"]
[Black "Delaire, Eric"]
[Result "0-1"]
[WhiteElo "1681"]
[BlackElo "1836"]
[PlyCount "56"]
[EventDate "2010.11.13"]
[EventType "team-match"]
[EventRounds "9"]
[EventCountry "FRA"]
[Source "FFE"]
[SourceDate "2010.10.29"]
[BlackTeamCountry "FRA"]

1. e4 c5 2. Nf3 Nc6 3. Bb5 e6 4. Bxc6 bxc6 5. d3 Ne7 6. Nc3 Ng6 7. Bd2 Be7 8.
O-O O-O 9. Kh1 d6 10. h3 e5 11. Nh2 Rb8 12. Rb1 Be6 13. b3 Qd7 14. f4 Nxf4 15.
Bxf4 exf4 16. Rxf4 Bf6 17. Ne2 Be5 18. Rf3 f5 19. exf5 Bd5 20. Rf1 Rxf5 21. Ng4
Rxf1+ 22. Qxf1 h5 23. Nxe5 Qxh3+ 24. Kg1 Qe3+ 25. Kh1 Qxe5 26. Re1 Rf8 27. Qg1
Qg5 28. Nc3 Qh4+ 0-1

[Event "FRA T II 20102011"]
[Site "FRA"]
[Date "2010.11.14"]
[Round "2.1"]
[White "Dube, Dimitri"]
[Black "Le Ruyet, Leopold"]
[Result "1-0"]
[WhiteElo "2086"]
[BlackElo "2202"]
[PlyCount "91"]
[EventDate "2010.11.13"]
[EventType "team-match"]
[EventRounds "9"]
[EventCountry "FRA"]
[Source "FFE"]
[SourceDate "2010.10.29"]
[BlackTeamCountry "FRA"]

1. c3 c5 2. d4 Nf6 3. Nf3 e6 4. Bf4 Nc6 5. e3 Be7 6. h3 d5 7. Nbd2 O-O 8. Bd3
h6 9. O-O Bd6 10. dxc5 Bxc5 11. e4 dxe4 12. Nxe4 Nxe4 13. Bxe4 Qe7 14. b4 Rd8
15. Qb3 Bb6 16. a3 e5 17. Be3 Be6 18. Qa4 Bxe3 19. fxe3 Qc7 20. Rac1 Bc4 21.
Rfd1 a6 22. Qc2 Ne7 23. Nd2 Be6 24. c4 f5 25. Bf3 e4 26. Be2 Ng6 27. c5 Qg3 28.
Nf1 Qg5 29. Bc4 Bxc4 30. Qxc4+ Kh7 31. Rd6 Re8 32. Qe2 h5 33. Rcd1 f4 34. R1d5
f3 35. Qf2 Re5 36. Rxe5 Nxe5 37. Ng3 Rf8 38. Nxe4 Qf5 39. Nd2 Qc2 40. gxf3 Nd3
41. Qe2 Nc1 42. Qg2 Qf5 43. Ne4 Kh8 44. f4 Re8 45. Ng5 g6 46. Qb2+ 1-0

[Event "FRA T II 20102011"]
[Site "FRA"]
[Date "2010.11.14"]
[Round "2.2"]
[White "Crouan, Stephane"]
[Black "Wenzel, Johannes"]
[Result "1/2-1/2"]
[WhiteElo "2201"]
[BlackElo "2104"]
[PlyCount "41"]
[EventDate "2010.11.13"]
[EventType "team-match"]
[EventRounds "9"]
[EventCountry "FRA"]
[Source "FFE"]
[SourceDate "2010.10.29"]
[BlackTeamCountry "FRA"]

1. e4 e6 2. d4 d5 3. Nc3 Nc6 4. e5 a6 5. f4 f6 6. Nf3 Nh6 7. a3 Be7 8. Bd3 O-O
9. O-O fxe5 10. fxe5 Nf5 11. Ne2 Na5 12. g4 Nh4 13. Nxh4 Bxh4 14. Rxf8+ Qxf8
15. Qf1 Qxf1+ 16. Kxf1 Be7 17. Bf4 Bd7 18. Kg2 Bb5 19. Bxb5 axb5 20. Nc1 Nc4
21. Nd3 1/2-1/2

[Event "FRA T II 20102011"]
[Site "FRA"]
[Date "2010.11.14"]
[Round "2.3"]
[White "Thimognier, Dominique"]
[Black "Hutois, Mickael"]
[Result "0-1"]
[WhiteElo "2082"]
[BlackElo "2129"]
[PlyCount "50"]
[EventDate "2010.11.13"]
[EventType "team-match"]
[EventRounds "9"]
[EventCountry "FRA"]
[Source "FFE"]
[SourceDate "2010.10.29"]
[BlackTeamCountry "FRA"]

1. Nf3 Nf6 2. c4 e6 3. g3 d5 4. d4 Be7 5. Bg2 O-O 6. O-O dxc4 7. Ne5 a6 8. Nc3
Nd5 9. Nxc4 b5 10. Ne5 Bb7 11. e4 Nxc3 12. bxc3 c5 13. Bb2 Nd7 14. Nxd7 Qxd7
15. Qe2 a5 16. Rfd1 Rfc8 17. Rac1 c4 18. Rc2 b4 19. Rcd2 a4 20. d5 exd5 21.
exd5 Bf6 22. Rc1 a3 23. Ba1 b3 24. Qd1 Qa4 25. axb3 cxb3 0-1

[Event "FRA T II 20102011"]
[Site "FRA"]
[Date "2010.11.14"]
[Round "2.4"]
[White "Duboue, Peio"]
[Black "Briquet, Jean Pierre"]
[Result "1/2-1/2"]
[WhiteElo "2081"]
[BlackElo "2058"]
[PlyCount "88"]
[EventDate "2010.11.13"]
[EventType "team-match"]
[EventRounds "9"]
[EventCountry "FRA"]
[Source "FFE"]
[SourceDate "2010.10.29"]
[BlackTeamCountry "FRA"]

1. e4 e6 2. d4 d5 3. Nc3 dxe4 4. Nxe4 Nd7 5. Nf3 Ngf6 6. Bg5 h6 7. Nxf6+ Nxf6
8. Bh4 c5 9. Bb5+ Bd7 10. Bxd7+ Qxd7 11. Bxf6 gxf6 12. Qe2 cxd4 13. O-O-O Bc5
14. Qc4 Rc8 15. Kb1 Rg8 16. g3 Rg4 17. Qe2 h5 18. h3 Rg8 19. Rhe1 Rd8 20. Qd3
Qd5 21. Nd2 a6 22. Ne4 Be7 23. Re2 f5 24. Nd2 h4 25. gxh4 Bxh4 26. Nf3 Bf6 27.
c3 Rh8 28. Nxd4 Bxd4 29. cxd4 Rh4 30. Qg3 Rxd4 31. Qg8+ Ke7 32. Qg5+ Kf8 33.
Qh6+ Ke8 34. Rc1 Rd1 35. Rec2 Rxc1+ 36. Rxc1 Qd3+ 37. Rc2 Qd1+ 38. Rc1 Qd3+ 39.
Rc2 Qf1+ 40. Rc1 Rd1 41. Qh8+ Kd7 42. Qc8+ Ke7 43. Qxb7+ Kf8 44. Qc8+ Kg7
1/2-1/2

[Event "FRA T II 20102011"]
[Site "FRA"]
[Date "2010.11.14"]
[Round "2.7"]
[White "El Fakkak, Radouan"]
[Black "Algaba, Pedro"]
[Result "1-0"]
[WhiteElo "1783"]
[BlackElo "1914"]
[PlyCount "83"]
[EventDate "2010.11.13"]
[EventType "team-match"]
[EventRounds "9"]
[EventCountry "FRA"]
[Source "FFE"]
[SourceDate "2010.10.29"]
[BlackTeamCountry "FRA"]

1. e4 c5 2. Nf3 d6 3. d4 cxd4 4. Nxd4 Nf6 5. Nc3 a6 6. Bg5 e6 7. f4 Be7 8. Qf3
Nbd7 9. O-O-O Qc7 10. g4 b5 11. Bxf6 Bxf6 12. g5 Be7 13. Bd3 Bb7 14. h4 Nc5 15.
Rhe1 Rc8 16. Kb1 b4 17. Nce2 d5 18. e5 Qb6 19. f5 Nd7 20. fxe6 fxe6 21. Qh5+
Kd8 22. Qf7 Nxe5 23. Qxg7 Nxd3 24. Qxh8+ Kd7 25. Qxh7 Nxe1 26. Rxe1 Rf8 27. g6
Qd8 28. g7 Rg8 29. h5 Bf6 30. h6 Qe8 31. Rg1 Ke7 32. Qd3 Qh5 33. Qe3 e5 34. Ng3
Qf7 35. Ndf5+ Kd7 36. Qa7 Kc6 37. Qe3 Qg6 38. Qxe5 Qf7 39. Qd6+ Kb5 40. h7 Bxg7
41. hxg8=Q Qxg8 42. Qd7+ 1-0

[Event "FRA T II 20102011"]
[Site "FRA"]
[Date "2010.11.14"]
[Round "2.8"]
[White "Nicolazo, Maxime"]
[Black "Duval, Claire"]
[Result "1-0"]
[WhiteElo "1761"]
[BlackElo "1670"]
[PlyCount "77"]
[EventDate "2010.11.13"]
[EventType "team-match"]
[EventRounds "9"]
[EventCountry "FRA"]
[Source "FFE"]
[SourceDate "2010.10.29"]
[BlackTeamCountry "FRA"]

1. c4 e5 2. Nf3 Nc6 3. Nc3 Nf6 4. d3 Be7 5. g3 d5 6. cxd5 Nxd5 7. Bg2 Be6 8.
O-O O-O 9. Qc2 Ncb4 10. Qd2 Nc6 11. Ng5 Bxg5 12. Qxg5 f6 13. Qd2 Qd7 14. Ne4
Qe7 15. a3 Nd4 16. Qd1 c5 17. Nc3 Nxc3 18. bxc3 Bb3 19. Qd2 Nc2 20. Rb1 c4 21.
Bd5+ Kh8 22. Bxc4 Bxc4 23. dxc4 Nxa3 24. Bxa3 Qxa3 25. Rxb7 Rfd8 26. Qe3 Qa6
27. Rb5 Rac8 28. Qe4 Qe6 29. Rd5 Qb6 30. Rfd1 Qc7 31. c5 Rxd5 32. Rxd5 Qe7 33.
Qb4 h6 34. c4 Rc6 35. Rd6 Rc8 36. c6 Qf8 37. c5 Rc7 38. Qb5 Qc8 39. Qd3 1-0

[Event "FRA T II 20102011"]
[Site "FRA"]
[Date "2010.11.14"]
[Round "3.1"]
[White "Laclau, Daniel"]
[Black "Gachon, Lionel"]
[Result "1-0"]
[WhiteElo "2277"]
[BlackElo "2293"]
[PlyCount "52"]
[EventDate "2010.11.13"]
[EventType "team-match"]
[EventRounds "9"]
[EventCountry "FRA"]
[Source "FFE"]
[SourceDate "2010.10.29"]
[BlackTeamCountry "FRA"]

1. d4 b6 2. Nf3 Bb7 3. g3 e6 4. Bg2 g6 5. c4 Bg7 6. Nc3 Ne7 7. h4 h6 8. d5 Na6
9. e4 O-O 10. Be3 f5 11. e5 exd5 12. cxd5 c6 13. d6 Nd5 14. Nxd5 cxd5 15. Qd2
Nc5 16. Bxh6 Ne4 17. Qf4 Ba6 18. h5 Nc5 19. Rd1 Ne6 20. Qd2 Qe8 21. Bxg7 Kxg7
22. hxg6 Qxg6 23. Nh4 Qf7 24. Bxd5 Rfc8 25. Bxe6 Qxe6 26. Qg5+ Kf8 1-0

[Event "FRA T II 20102011"]
[Site "FRA"]
[Date "2010.11.14"]
[Round "3.2"]
[White "Tisseyre, Yannick"]
[Black "Hasbi, Nabil"]
[Result "1-0"]
[WhiteElo "2096"]
[BlackElo "1919"]
[PlyCount "57"]
[EventDate "2010.11.13"]
[EventType "team-match"]
[EventRounds "9"]
[EventCountry "FRA"]
[Source "FFE"]
[SourceDate "2010.10.29"]
[BlackTeamCountry "FRA"]

1. e4 d5 2. Nc3 dxe4 3. Nxe4 Nf6 4. Nxf6+ exf6 5. d4 Bd6 6. Bd3 Nc6 7. c3 Ne7
8. Qf3 c6 9. Ne2 Ng6 10. O-O Qc7 11. g3 Bh3 12. Re1 O-O-O 13. g4 Bxh2+ 14. Kh1
h5 15. Qxh3 hxg4 16. Qxg4+ Kb8 17. Bxg6 fxg6 18. Kg2 g5 19. Ng3 g6 20. Be3 Qh7
21. Re2 Rdf8 22. Rae1 f5 23. Qxg5 Qh3+ 24. Kf3 Ka8 25. Bf4 a5 26. Re5 b6 27.
Qxg6 Rfg8 28. Qxc6+ Ka7 29. Re7+ 1-0

[Event "FRA T II 20102011"]
[Site "FRA"]
[Date "2010.11.14"]
[Round "3.2"]
[White "Aout, Sebastien"]
[Black "Pasquier, Thomas"]
[Result "0-1"]
[WhiteElo "2256"]
[BlackElo "2299"]
[PlyCount "48"]
[EventDate "2010.11.13"]
[EventType "team-match"]
[EventRounds "9"]
[EventCountry "FRA"]
[Source "FFE"]
[SourceDate "2010.10.29"]
[BlackTeamCountry "FRA"]

1. c4 f6 2. g3 Nh6 3. Bg2 Nf7 4. Qc2 e5 5. e3 Nc6 6. a3 d6 7. Nc3 g6 8. Nge2
Bg7 9. d3 O-O 10. Bd2 Ne7 11. O-O c6 12. b4 Bf5 13. Rfd1 Qd7 14. Na4 Bh3 15.
Bh1 Ng5 16. f4 Nf7 17. Re1 Nh6 18. Nac3 Ng4 19. Ne4 Nf5 20. N2c3 h5 21. Qd1
Nfxe3 22. Bxe3 exf4 23. gxf4 f5 24. Nf2 Bxc3 0-1

[Event "FRA T II 20102011"]
[Site "FRA"]
[Date "2010.11.14"]
[Round "3.6"]
[White "Dargagnon, Remi"]
[Black "Rodriguez, Angel"]
[Result "1-0"]
[WhiteElo "2043"]
[BlackElo "2071"]
[PlyCount "57"]
[EventDate "2010.11.13"]
[EventType "team-match"]
[EventRounds "9"]
[EventCountry "FRA"]
[Source "FFE"]
[SourceDate "2010.10.29"]
[BlackTeamCountry "FRA"]

1. e4 e6 2. d4 d5 3. Nc3 Bb4 4. Nge2 Nc6 5. a3 Ba5 6. b4 Bb6 7. e5 Nge7 8. Na4
O-O 9. Nxb6 axb6 10. b5 Na5 11. Ng3 f6 12. Bd3 fxe5 13. dxe5 c5 14. Qh5 g6 15.
Qh6 Qc7 16. O-O Nf5 17. Nxf5 exf5 18. Bg5 Be6 19. Bf6 d4 20. h4 Qf7 21. g4 Qd7
22. h5 c4 23. hxg6 cxd3 24. Qg5 Rxf6 25. exf6 hxg6 26. Qxg6+ Kf8 27. Rfe1 Qf7
28. Qh6+ Ke8 29. gxf5 1-0

[Event "FRA T II 20102011"]
[Site "FRA"]
[Date "2010.11.14"]
[Round "3.8"]
[White "Seelen, Amandine"]
[Black "Sorres, Marie Carolle"]
[Result "1-0"]
[WhiteElo "1660"]
[BlackElo "1499"]
[PlyCount "23"]
[EventDate "2010.11.13"]
[EventType "team-match"]
[EventRounds "9"]
[EventCountry "FRA"]
[Source "FFE"]
[SourceDate "2010.10.29"]
[BlackTeamCountry "FRA"]

1. e4 e5 2. Bc4 d6 3. d3 c6 4. Nf3 b6 5. d4 f6 6. c3 b5 7. Bb3 g6 8. dxe5 a6 9.
exf6 Bd7 10. f7+ Ke7 11. Bf4 Nh6 12. Qxd6# 1-0

[Event "FRA T II 20102011"]
[Site "FRA"]
[Date "2010.11.14"]
[Round "3.3"]
[White "Remille, Tristan"]
[Black "Wohl, Aleksandar"]
[Result "0-1"]
[WhiteElo "2220"]
[BlackElo "2424"]
[PlyCount "50"]
[EventDate "2010.11.13"]
[EventType "team-match"]
[EventRounds "9"]
[EventCountry "FRA"]
[Source "FFE"]
[SourceDate "2010.10.29"]
[BlackTeamCountry "FRA"]

1. d4 Nf6 2. c4 e6 3. Nc3 Bb4 4. Nf3 c5 5. g3 b6 6. Bg2 Bb7 7. O-O Bxc3 8. bxc3
O-O 9. d5 exd5 10. Nh4 Re8 11. cxd5 d6 12. Re1 Nbd7 13. Nf5 Ne5 14. f4 Nc4 15.
Qa4 Na5 16. c4 Bc8 17. Qc2 Bxf5 18. Qxf5 Nxc4 19. Qd3 b5 20. e4 Qa5 21. Re2 Qa4
22. Bf3 Re7 23. g4 Rae8 24. g5 Nd7 25. h4 Nde5 0-1